Neruda y yo: Tercetos dantescos a Casiano Basualto

Gespeichert in:
Bibliographische Detailangaben
1. Verfasser: Rokha, Pablo de (autor)
Format: Buch
Sprache:Spanisch
Veröffentlicht: Santiago Ediciones Tácitas 2016
Ausgabe:2a. ed
Schlagworte:
Tags: Tag hinzufügen
Keine Tags, Fügen Sie den ersten Tag hinzu!

MARC

LEADER 00000cam a2200000 a 4500
001 UCC1142
003 CL-VaPUC
005 20240924105140.0
008 170929e20160000cl |||||||||||||||||spa|d
999 |c 369717  |d 369715 
020 |a 9789568268800 
040 |c Pontificia Universidad Católica de Valparaíso 
082 0 4 |a Ch861.9  |b ROK  |2 21 
100 |a Rokha, Pablo de   |e autor  |9 506833 
245 1 0 |a Neruda y yo: Tercetos dantescos a Casiano Basualto 
250 |a 2a. ed 
260 |a Santiago  |b Ediciones Tácitas  |c 2016 
300 |a 245 p 
583 |a last modification  |c 20170929 13:43:00  |k Rodrigo Vera 
600 0 |a Neruda, Pablo,  |d 1904-1973  |e autor  |9 471955 
650 0 |a Poesías chilenas   |9 265280 
650 0 |a Poetas chilenos  |9 326722 
650 0 |a Crítica literaria   |9 269189 
650 0 |a Crítica e interpretación   |9 255042 
650 0 |a Ensayos chilenos   |9 269132 
651 7 |a CHILE  |2 CL-VaPUC  |9 595187 
942 |c BK  |2 ddc 
945 |d 20170929 13:43:00  |a arojas 
952 |0 0  |1 0  |3 erb  |4 0  |6 CH_861_900000000000000_ROK_2016  |7 0  |8 A  |9 485701  |a BIBEDU  |b BIBEDU  |i 5426332  |l 1  |o Ch861.9 ROK 2016  |p 5426332  |r 2022-05-19  |s 2022-05-12  |w 2019-11-24  |y BK  |z Catalogado en:20170929  |k LIT